| 000 | 01362cad a22002295a 4500 | ||
|---|---|---|---|
| 001 | L151399 | ||
| 008 | 101101s2010 xxk f 000 0 eng d | ||
| 035 | _a(Sirsi) u151399 | ||
| 041 | 0 | _aeng | |
| 050 | 0 | 4 | _a333.33 $2 18 |
| 110 | 2 |
_aProperty Industry Alliance _95725 |
|
| 245 | 0 | 0 | _aProperty industry report 2010 |
| 260 |
_aLondon _bProperty Industry Alliance _c2010 |
||
| 490 | 0 | _aProperty Industry Alliance Property Industry Report | |
| 520 | _aSets out some key facts about commercial property, a sector which makes up a major part of the UK economy in its own right as well as providing a platform for virtually all of the country's other major industries. It is a sector which plays a crucial role by providing places in which people can work, shop and enjoy leisure activities. Larger than the banking, leisure, communications and transport sectors, commercial property is also a significant investment asset for the pensions industry and so contributes to the financing of our retirement. | ||
| 590 | _aKA | ||
| 651 | 4 |
_aUnited Kingdom _y |
|
| 690 | _aPROPERTY-COMMERCIAL PROPERTY-COMMERCIAL PROPERTY MARKET | ||
| 710 | 1 | _aPaul Mitchell Real Estate Consultancy Ltd | |
| 856 | 4 | 0 |
_uhttps://www.reita.org/live/resources/downloads/REITs_and_property_UK/BPF_PIA_Property_Data_web.pdf _zView this report free of charge at www.reita.org |
| 942 | _n0 | ||
| 999 |
_c111341 _d111341 |
||